Kỹ thuật điện tử số

Tài liệu dùng làm giáo trình cho sinh viên ngành Kỹ thuật điện tử. Nội dung gồm 11 chương, giới thiệu các hệ thống điện tử số như: hệ thống số đếm và mã, hệ logic tổ hợp, mạch MSI, Flip-Flop, các vấn đề về hệ logic trình tự v.v.....

Popoln opis

Shranjeno v:
Bibliografske podrobnosti
Glavni avtor: Đặng, Văn Chuyết
Format: Knjiga
Jezik:Undetermined
Izdano: Hà Nội Giáo dục 2006
Teme:
Oznake: Označite
Brez oznak, prvi označite!
Thư viện lưu trữ: Trung tâm Học liệu Trường Đại học Cần Thơ
LEADER 00939nam a2200205Ia 4500
001 CTU_121968
008 210402s9999 xx 000 0 und d
020 |c 22000 
082 |a 621.381 
082 |b Ch528 
100 |a Đặng, Văn Chuyết 
245 0 |a Kỹ thuật điện tử số 
245 0 |c Đặng Văn Chuyết 
260 |a Hà Nội 
260 |b Giáo dục 
260 |c 2006 
520 |a Tài liệu dùng làm giáo trình cho sinh viên ngành Kỹ thuật điện tử. Nội dung gồm 11 chương, giới thiệu các hệ thống điện tử số như: hệ thống số đếm và mã, hệ logic tổ hợp, mạch MSI, Flip-Flop, các vấn đề về hệ logic trình tự v.v.. 
650 |a Digital electronics,Điện tử số 
904 |i Minh 
980 |a Trung tâm Học liệu Trường Đại học Cần Thơ